| 000 | 00490nam a2200193Ia 4500 | ||
|---|---|---|---|
| 005 | 20240823043603.0 | ||
| 008 | 240823s9999||||xx |||||||||||||| ||und|| | ||
| 020 | _a978-0-07-132997-2 | ||
| 041 | _aENGLISH | ||
| 082 | _A519 M6 | ||
| 100 | _aVishwanath S R | ||
| 245 | 0 | _aEngineering Mathematics I | |
| 250 | _a1st | ||
| 260 |
_c1986 _bMcGraw - Hill Higher Educ _aNew York |
||
| 500 | _aTRANSFERED | ||
| 650 |
_aEngineering Mathematics _bMathematics |
||
| 942 | _cBK | ||
| 999 |
_c210575 _d210575 |
||